Herby powiatów w województwie lubelskim - Statystyki

Ogólne statystyki
  • Ten quiz został rozwiązany 40 razy
  • Średni wynik to 18 z 24
Statystyki odpowiedzi
Obrazkowy Odpowiedź % Poprawnych
Lublin
97%
Chełm
94%
biłgorajski
91%
zamojski
88%
Zamość
88%
tomaszowski
84%
bialski
81%
chełmski
81%
hrubieszowski
81%
Biała Podlaska
75%
puławski
75%
lubartowski
72%
rycki
72%
lubelski
69%
łukowski
69%
kraśnicki
66%
łęczyński
66%
krasnostawski
63%
opolski
59%
parczewski
59%
świdnicki
59%
janowski
56%
radzyński
53%
włodawski
53%
Nie znaleziono quizów pasujących do podanych kryteriów
Rozkład punktacji
Procent ludzi z każdym wynikiem
Percentyl według liczby udzielonych odpowiedzi
Twoja historia wyników
Nie rozwiązałeś tego quizu